Turbulence (Record no. 5373)

000 -LEADER
fixed length control field 00511nam a2200205 i 4500
001 - CONTROL NUMBER
control field 5373
003 - CONTROL NUMBER IDENTIFIER
control field BD-DhUET
008 - FIXED-LENGTH DATA ELEMENTS--GENERAL INFORMATION
fixed length control field 750220s1975 nyua b 001 0 eng
020 ## - INTERNATIONAL STANDARD BOOK NUMBER
International Standard Book Number 0070290377
040 ## - CATALOGING SOURCE
Original cataloging agency DLC
Transcribing agency DLC
Modifying agency BD-DhUET
082 00 - DEWEY DECIMAL CLASSIFICATION NUMBER
Classification number 532.56
Item number HIN/1975
100 1# - MAIN ENTRY--PERSONAL NAME
Personal name Hinze, J. O.
245 00 - TITLE STATEMENT
Title Turbulence
250 ## - EDITION STATEMENT
Edition statement 2nd ed.
260 ## - PUBLICATION, DISTRIBUTION, ETC. (IMPRINT)
Place of publication, distribution, etc. New York
Name of publisher, distributor, etc. McGraw-Hill
Date of publication, distribution, etc. 1975
300 ## - PHYSICAL DESCRIPTION
Extent x,790p.
Other physical details ill.
Dimensions 24 cm.
490 0# - SERIES STATEMENT
Series statement McGraw-Hill series in mechanical engineering
650 #0 - SUBJECT ADDED ENTRY--TOPICAL TERM
Topical term or geographic name as entry element Turbulence
942 ## - ADDED ENTRY ELEMENTS (KOHA)
Koha item type General Book
Holdings
Koha date last borrowed Not for loan Withdrawn status Date acquired Lost status Koha date last seen Shelving location Koha item type Sublocation or collection (holding branch) Piece designation (barcode) Koha issues (times borrowed) Koha full call number Koha normalized classification for sorting Location (home branch) Damaged status Price effective from Copy number Source of classification or shelving scheme
   2014-11-26 2014-11-26Circulation sectionGeneral BookCentral Library, BUET63813 532.56/HIN/1975532_560000000000000_HIN_1975Central Library, BUET 2014-11-261 
   2014-11-26 2014-11-26Circulation sectionGeneral BookCentral Library, BUET63816 532.56/HIN/1975532_560000000000000_HIN_1975Central Library, BUET 2014-11-262 
   2014-12-07 2014-12-07Circulation sectionGeneral BookCentral Library, BUET44334 532.56/HIN/1975532_560000000000000_HIN_1975Central Library, BUET 2014-12-073 
   2014-12-07 2014-12-07Circulation sectionGeneral BookCentral Library, BUET63807 532.56/HIN/1975532_560000000000000_HIN_1975Central Library, BUET 2014-12-074 
2015-03-25  2014-12-07 2015-03-29Circulation sectionGeneral BookCentral Library, BUET638121532.56/HIN/1975532_560000000000000_HIN_1975Central Library, BUET 2014-12-075 
   2014-12-07 2014-12-07Circulation sectionGeneral BookCentral Library, BUET63805 532.56/HIN/1975532_560000000000000_HIN_1975Central Library, BUET 2014-12-076 
   2014-12-07 2014-12-07Circulation sectionGeneral BookCentral Library, BUET63810 532.56/HIN/1975532_560000000000000_HIN_1975Central Library, BUET 2014-12-077 
   2014-12-07 2014-12-07Circulation sectionGeneral BookCentral Library, BUET63808 532.56/HIN/1975532_560000000000000_HIN_1975Central Library, BUET 2014-12-078 
   2014-12-07 2014-12-07Circulation sectionGeneral BookCentral Library, BUET63809 532.56/HIN/1975532_560000000000000_HIN_1975Central Library, BUET 2014-12-079 
2022-11-14  2014-12-07 2023-02-28Circulation sectionGeneral BookCentral Library, BUET638061532.56/HIN/1975532_560000000000000_HIN_1975Central Library, BUET 2014-12-0710 
2015-05-26  2014-12-07 2015-09-14Circulation sectionGeneral BookCentral Library, BUET638151532.56/HIN/1975532_560000000000000_HIN_1975Central Library, BUET 2014-12-0711 
   2015-03-09 2015-03-09Circulation sectionGeneral BookCentral Library, BUET39158 532.56/HIN/1975532_560000000000000_HIN_1975Central Library, BUET 2015-03-0912 
   2015-06-07 2015-06-07Reading sectionReading ItemCentral Library, BUET58968 532.56/HIN/1975532_560000000000000_HIN_1975Central Library, BUET 2015-06-0713 
   2015-06-07 2015-06-07Reading sectionReading ItemCentral Library, BUET60653 532.56/HIN/1975532_560000000000000_HIN_1975Central Library, BUET 2015-06-0714 
   2015-06-23 2015-06-23Reading sectionReading ItemCentral Library, BUET52729 532.56/HIN/1975532_560000000000000_HIN_1975Central Library, BUET 2015-06-2315 
2024-11-27  1985-06-29 2024-11-27Circulation sectionGeneral BookCentral Library, BUET638111532.56 HIN/1975532_560000000000000_HIN_1975Central Library, BUET 2024-11-1616 
   2024-11-16 2024-11-16 General BookCentral Library, BUET  532.56 HIN/1975532_560000000000000_HIN_1975Central Library, BUET 2024-11-16  
   2025-09-03 2024-11-16Circulation sectionGeneral BookCentral Library, BUET39159 532.56 HIN/1975532_560000000000000_HIN_1975Central Library, BUET 2024-11-1618